La revolución vietnamita / (Record no. 123777)

MARC details
000 -CABECERA
campo de control de longitud fija 00721nam a2200229 u 4500
005 - FECHA Y HORA DE LA ÚLTIMA TRANSACCIÓN
campo de control 20210223130245.0
008 - ELEMENTOS DE LONGITUD FIJA--INFORMACIÓN GENERAL
campo de control de longitud fija 070904s1980 r 000 0 eng d
020 ## - NÚMERO INTERNACIONAL NORMALIZADO PARA LIBROS
Número Internacional Estándar del Libro 9684270712
035 ## - NÚMERO DE CONTROL DEL SISTEMA
Número de control de sistema UPN01000151641
049 ## - COLECCIÓN
Colección CG
050 #4 - SIGNATURA TOPOGRÁFICA DE LA BIBLIOTECA DEL CONGRESO
Número de clasificación DS556.9
Número de documento/Ítem H6.7
100 1# - ASIENTO PRINCIPAL--NOMBRE PERSONAL
Nombre de persona Ho, Chi Minh
245 13 - MENCIÓN DE TÍTULO
Título La revolución vietnamita /
Mención de responsabilidad, etc. Ho Chi Minh, Le Duan, Truong Chinh ; selec., pról. y notas Gregorio Vidal.
260 ## - PUBLICACIÓN, DISTRIBUCIÓN, ETC.
Lugar de publicación, distribución, etc. México :
Nombre del editor, distribuidor, etc. Nuestro Tiempo,
Fecha de publicación, distribución, etc. 1980.
300 ## - DESCRIPCIÓN FÍSICA
Extensión 238 p.
440 13 - MENCIÓN DE SERIE/ASIENTO SECUNDARIO--TÍTULO
Título La lucha por el poder
651 #4 - ASIENTO SECUNDARIO DE MATERIA - NOMBRE GEOGRAFICO
Nombre geográfico VIETNAM (REPUBLICA DEMOCRATICA, 1946- ) -
Subdivisión general HISTORIA
650 #4 - ASIENTO SECUNDARIO DE MATERIA - TERMINO TEMATICO
Término de materia o nombre geográfico como elemento de entrada GUERRA DE VIETNAM, 1961-1975
9 (RLIN) 8212
700 1# - ASIENTO SECUNDARIO--NOMBRE DE PERSONAL
Nombre de persona Le, Duan,
Término indicativo de función/relación coaut.
700 1# - ASIENTO SECUNDARIO--NOMBRE DE PERSONAL
Nombre de persona Truong, Chinh,
Término indicativo de función/relación coaut.
905 ## - TIPO DE MATERIAL
Tipo de material Libro
Holdings
Estado de retiro Estado de pérdida Fuente del sistema de clasificación o colocación Estado dañado No para préstamo Código de colección Localización permanente Ubicación/localización actual Ubicación en estantería Total de préstamos Clasificación Código de barras Fecha visto por última vez Número de copia Tipo de ítem Koha
    Library of Congress Classification     Colección General Bib. Gregorio Torres Quintero Bib. Gregorio Torres Quintero Planta baja 3 DS556.9 H6.7 252141 31/12/2020 1 Libro